000 01202cam a2200325 a 4500
008
020 _a0910608385 v.1 (hardback)
020 _a0910608393 v.2 (hardback)
020 _a0910608407 v.3 (hardback)
020 _a0910608415 v.4 (hardback)
049 _aMAIN
090 _aREF Z694
_bDEW
100 1 _aDewey, Melvil.,
_aauthor.
245 1 0 _aDewey decimal classification and relative index /
_cdevised by Melvil Dewey edited by John P Comaroni ; Julianne Beall ; Winton E Matthews & Gregory R New.
250 _aTwentieth edition.
260 _aAlbany, N.Y. :
_bForest Press, a division of OCLC Online Computer Library Center,
_c1989.
300 _a4 v. ;
_c24 cm.
505 0 _av. 1. Introduction. Tables -- v. 2-3. Schedules -- v. 4. Relative index. Manual.
650 0 _aClassification, Dewey decimal.
700 1 _aComaromi, John P.,
_aeditor.
700 _aBeall, Julianne.,
_aeditor.
700 _aMatthews, Winton E.,
_aeditor.
700 _aNew, Gregory R.,
_aeditor.
740 0 _aDDC 20.
907 _a.b10227313
_b11-01-23
_c26-01-07
003
005 20230120153123.0
040 _cNUST
942 _cBOOKS
_kREF Z694
_mDEW
999 _c99140
_d99140